000 00436nam a2200169Ia 4500
008 230524s9999 xx 000 0 und d
020 _a8137662533
082 _a4
_bREE
100 _aRobert B.Reese
245 0 _aMicroprocessors form Assembly Language to C Using the PIC 18 Fxx2
250 _a1ST
260 _aNEW DELHI
_bScitech
_c2005
300 _aXXIV;664
500 _aQuantity Number: 2
650 _aComp-Sc
942 _cBK
999 _c16760
_d16760